| 000 -LEADER |
| fixed length control field |
nam a22 a 4500 |
| 003 - CONTROL NUMBER IDENTIFIER |
| control field |
AM-YeNLA |
| 005 - DATE AND TIME OF LATEST TRANSACTION |
| control field |
20251211154017.0 |
| 007 - PHYSICAL DESCRIPTION FIXED FIELD--GENERAL INFORMATION |
| fixed length control field |
ta |
| 008 - FIXED-LENGTH DATA ELEMENTS--GENERAL INFORMATION |
| fixed length control field |
251211s2025 ai d|||frf||||000|0|arm|| |
| 020 ## - INTERNATIONAL STANDARD BOOK NUMBER |
| International Standard Book Number |
978-9939-61-311-6 |
| 040 ## - CATALOGING SOURCE |
| Language of cataloging |
arm |
| Transcribing agency |
AM-YeNLA |
| 041 0# - LANGUAGE CODE |
| Language code of text/sound track or separate title |
arm |
| 100 1# - MAIN ENTRY--PERSONAL NAME |
| Personal name |
Մնացականյան, Հ.Գ. |
| 245 10 - TITLE STATEMENT |
| Title |
Հաշվապահական հաշվառման տեսություն ։ |
| Remainder of title |
[Ուսումնական ձեռնարկ] / |
| Statement of responsibility, etc. |
Հ.Գ. Մնացականյան, Ա.Հ. Սարգսյան, Գ.Գ. Կոստանյան ; Գրախոսներ՝ Կ.Վ. Ներսեսյան, Գ.Մ. Միքայելյան, Թ.Ս. Հովակիմյան ; Մասն. խմբագիր՝ Լ.Ս. Սահակյան ; Հայաստանի պետական տնտեսագիտական համալսարան ; [Խմբագիր՝ Ս. Ալավերդյան]. |
| 260 ## - PUBLICATION, DISTRIBUTION, ETC. (IMPRINT) |
| Place of publication, distribution, etc. |
Երևան ։ |
| Name of publisher, distributor, etc. |
Տնտեսագետ, |
| Date of publication, distribution, etc. |
2025. |
| 300 ## - PHYSICAL DESCRIPTION |
| Extent |
109 էջ : |
| Other physical details |
աղյուսակներ ; |
| Dimensions |
20 սմ. |
| 504 ## - BIBLIOGRAPHY, ETC. NOTE |
| Bibliography, etc |
Գրականություն՝ էջ 108-109։ |
| 650 14 - SUBJECT ADDED ENTRY--TOPICAL TERM |
| Topical term or geographic name as entry element |
Հաշվապահական հաշվառում |
| Form subdivision |
Ուսումնական ձեռնարկներ |
| 700 1# - ADDED ENTRY--PERSONAL NAME |
| Personal name |
Սարգսյան, Ա.Հ. |
| Relator term |
հեղ. |
| Relator code |
aut |
| 700 1# - ADDED ENTRY--PERSONAL NAME |
| Personal name |
Կոստանյան, Գ.Գ. |
| Relator term |
հեղ. |
| Relator code |
aut |
| 700 1# - ADDED ENTRY--PERSONAL NAME |
| Personal name |
Սահակյան, Լ.Ս. |
| Relator term |
խմբ. |
| Relator code |
edt |
| 700 1# - ADDED ENTRY--PERSONAL NAME |
| Personal name |
Ալավերդյան, Սաթենիկ |
| Relator term |
խմբ. |
| Relator code |
edt |
| 700 1# - ADDED ENTRY--PERSONAL NAME |
| Personal name |
Ներսեսյան, Կ.Վ. |
| Relator term |
գրախոս |
| Relator code |
rev |
| 700 1# - ADDED ENTRY--PERSONAL NAME |
| Personal name |
Միքայելյան, Գ.Մ. |
| Relator term |
գրախոս |
| Relator code |
rev |
| 700 1# - ADDED ENTRY--PERSONAL NAME |
| Personal name |
Հովակիմյան, Թ.Ս. |
| Relator term |
գրախոս |
| Relator code |
rev |
| 700 1# - ADDED ENTRY--PERSONAL NAME |
| Personal name |
Հովակիմյան, Թ.Ս. |
| Relator term |
գրախոս |
| Relator code |
rev |
| 710 2# - ADDED ENTRY--CORPORATE NAME |
| Corporate name or jurisdiction name as entry element |
Հայաստանի պետական տնտեսագիտական համալսարան |
| 942 ## - ADDED ENTRY ELEMENTS (KOHA) |
| Source of classification or shelving scheme |
|
| Koha item type |
Books |